01550cam a22003132 450000100060000000300080000600500170001400800410003102000150007203500190008704000270010604100080013308200180014111101170015924501550027626000280043130000210045949000390048050000440051950400290056350503300059265000420092265000510096465000470101571000190106294200120108199900170109395201260111027524BD-RjUL20211209051151.0140325s1978 fr b i100 0 eng  a9231016059 a(BD-RjUL)27598 aDLCcDLCdBD-RjULbeng aeng00a932bPEO 19782 aSymposium on the Peopling of Ancient Egypt and the Deciphering of Meroitic Scriptd(1974 :cCairo, Egypt)98455814aThe peopling of ancient Egypt and the deciphering of Meroitic script :bproceedings of the symposium held in Cairo from 28 January to 3 February 1974. aParis :bUnesco,c1978. a136 p. :c24 cm.0 aThe General history of Africa ;v1 aOriginally published by UNESCO in 1978. aIncludes bibliographies.2 aThe peopling of ancient Egypt / Jean Vercouter -- The peopling of the Nile Valley south of the twenty-third parallel / Nicole Blanc -- The genetic linguistic relationship between Egyptian ... and modern Negro-African languages / Théophile Obenga -- The present position in the deciphering of Meroitic script / Jean Leclant. 0aEgyptiansxOriginxCongresses.984541 0aPrehistoric peopleszEgyptvCongresses.984542 0aInscriptions, MeroiticxCongresses.9845432 aUnesco.984544 2ddccBK c27524d27524 00102ddc40728NFICaRUCLbRUCLcReadingd1982-05-06eUNESCOl0o932 PEO 1978r2014-03-25 00:00:00tC-1w2014-03-25yBK